Регионална библиотека "Любен Каравелов" - Русе

Пипи открива спунк (Запис номер 328038)

MARC детайли
000 -Лидер
Контролно поле с фиксирана дължина 01172nam a2200289 a 4500
003 - Код на организацията, давaща контролен номер
Контролно поле BLK
005 - Дата и час на последна редакция
Контролно поле 20250628114420.0
008 - Елементи от данни с фиксирана дължина
fixed length control field 181218b bu ||||| |||| 00| 0 bu d
020 ## - Международен стандартен номер на книга ISBN
Международен стандартен номер на книга ISBN 9786192400200
040 ## - Източник на каталожния запис
Идентификатор на билиотеката - собственик на записа BLK
041 ## - Код за език
Код за езика на текст/звукозапис или на отделно заглавие Български
Код за езика КДБФ Български
080 ## - УДК
Текстов определител УДК Шведска литература
УДК код - определител по УДК 821.113.6
УДК определител -93-34
УДК - код + определител 821.113.6-93-34
100 ## - Редна дума - Автор
Автор Линдгрен, Астрид
Дати, свързани с автора 1907 - 2002
Пълна форма на името Линдгрен, Астрид Анна Емилия
R(LIN) 245550
139 ## - Редно поле
Редна дума Линдгрен, Астрид
Авторски знак Линд - Л 63
245 ## - Сведения за заглавието
Заглавие Пипи открива спунк
Редно поле (дума) Астрид Линдгрен ; ил. Ингрид Ванг Нюман; прев. Вера Ганчева.
257 ## - Страна на издаване
Страна на създаване/издаване Швеция
260 ## - Област на издателските данни
9 (RLIN) 209558
Място на издаване, разпространение и проч. София
Име на издателя, разпространителя и проч. ПАН
Година на издаване [2019]
300 ## - Физическа характеристика
Страници 16 с.
Илюстрации и др. с цв. ил.
Размери/Мащаб 28 см
380 ## - Жанр
Жанр Детска худож. лит.
501 ## - Забележка „подвързано към”
Забележка: Подвързано към... Ориг. загл.: Pippi hittar en spunk / Astrid Lindgren.
700 ## - Други автори (авторска отговорност)
9 (RLIN) 267019
Лично име Нюман, Ингрид Ванг
Автороска отговорност (Описва отношението между автора и произведението) ил.
700 1# - Други автори (авторска отговорност)
Лично име Ганчева, Вера Лалева
9 (RLIN) 51206
852 ## - Местоположение
Форматна сигнатура Цб ІІ 29710
Фондова буква Хранилище
999 ## - СИСТЕМНИ КОНТРОЛНИ НОМЕРА
Koha biblionumber 328038
Koha biblioitemnumber 328038
942 ## - АРТИКУЛИ
Вид на библиотечния материал Книги
Скрит в OPAC Не
Koha issues (borrowed), all copies 68
Периодичен библиозапис Да
944 ## - СЪЗДАВАНЕ И РЕДАКЦИЯ на ЗАПИСА
Служител, извършил регистрацията/редакцията 30542
Статус, дата на статуса Русанова Ирена
944 ## - СЪЗДАВАНЕ И РЕДАКЦИЯ на ЗАПИСА
Създаване/Редакция Редакция
Служител, извършил регистрацията/редакцията Кети
Дата на регистрацията/редакция 2021-03-02
Наличности
Код за отписване Код за изгубен артикул Източник на класификационната схема Код за повреда Коз за рестрикции Код за отдаване Артикулен № Име на библиотеката - собственик Име на библиотеката, в която се намира в момента Статус (Текущо местоположение) Дата на вписване в системата Местоположение - отдел Цена в лева Систематично азбучна сигнатура Баркод Цена в евро Служебен тип на артикула
Изтеглен Не е изгубен Universal Decimal Classification Не е повреден без рестрикции заемане за дома 687903 Регионална библиотека "Любен Каравелов" Русе Регионална библиотека "Любен Каравелов" Русе Детски отдел 2019-01-02 Детски отдел 3.90 ДХ 820/899/Л 63 120000828951 1.99 Книги
  Не е изгубен Universal Decimal Classification Не е повреден без рестрикции заемане за дома 687904 Регионална библиотека "Любен Каравелов" Русе Регионална библиотека "Любен Каравелов" Русе Детски отдел 2019-01-02 Детски отдел 3.90 ДХ 820/899/Л 63 120000828953 1.99 Книги
  Не е изгубен Universal Decimal Classification Не е повреден без рестрикции заемане за дома 687905 Регионална библиотека "Любен Каравелов" Русе Регионална библиотека "Любен Каравелов" Русе Детски отдел 2019-01-02 Детски отдел 3.90 ДХ 820/899/Л 63 120000828954 1.99 Книги
  Не е изгубен Universal Decimal Classification Не е повреден без рестрикции заемане за дома 687906 Регионална библиотека "Любен Каравелов" Русе Регионална библиотека "Любен Каравелов" Русе Детски отдел 2019-01-02 Детски отдел 3.90 ДХ 820/899/Л 63 120000828952 1.99 Книги
  Не е изгубен Universal Decimal Classification Не е повреден само за читалня ползва се в читалня 814351 Регионална библиотека "Любен Каравелов" Русе Регионална библиотека "Любен Каравелов" Русе Хранилище 2021-03-04 Хранилище 3.90 Цб ІІ 29710 120000851690 1.99 Книги
Vip Innovations Ltd, Rousse, Bulgaria 2025